000 01056cam a2200277 4500
002 ##1403
008 090401t1995 xxu||||| |||| 00| 0 eng d
020 _a0854067335 (correct)
_a0854067345 (printed on back cover)
035 _a(Sirsi) u63702
041 0 _aeng
050 0 4 _a622.8026 $2 18
090 _aRICS 1995/118ABCD
110 2 _aRoyal Institution of Chartered Surveyors
_bMinerals Practice Skills Panel
_94512
245 0 0 _aGround movements
260 _aLondon
_bRICS
_c1995
300 _a19p.
_c30cm.
350 _a6.50
490 0 _aRICS Minerals Practice Skills Panel Information Paper
_v2
520 _aLists legislation and a range of useful publications covering gorund movements.
520 _aOUT OF PRINT ARCHIVED 23 DECEMBER 2016
651 4 _aGREAT BRITAIN
690 _aBUILT ENVIRONMENT-BUILDING PATHOLOGY-SUBSIDENCE
856 4 1 _uhttps://www.rics.org/Global/Downloads/Ground_Movements_1st_edition_PGguidance_1995.pdf
_zView the guidance free of charge at www.rics.org/guidance...
942 _n0
948 _c04/03/1997
999 _c94596
_d94596